Антропоніми турецької мови : лінгвокультурологічний та прагматичний аспекти (Запис № 571530)

МАРК-запис
000 -Лідер
fixed length control field 04280nam a22002417a 4500
003 - Ідентифікатор контрольного номера
control field UA-OsUOA
005 - Дата та час останнього входження (трансакції)
control field 20211007101052.0
008 - Елементи даних фіксованої довжини – загальна інформація
fixed length control field 211007b un ||||| |||| 00| 0 ukr d
040 ## - Джерело каталогізації
Агенція оригінальної каталогізації UA-OsUOA
Мова каталогізації ukr
Агенція, яка здійснювала перезапис UA-OsUOA
Агенція, яка здійснювала модифікацію UA-OsUOA
041 ## - Код мови
Код мови тексту/ звукової доріжки чи окремого заголовка (П) ukr
080 ## - Індекс Універсальної десяткової класифікації
Індекс Універсальної десяткової класифікації (УДК) (НП) 811.512.161'37
090 ## - Локальний шифр розміщення
Класифікаційний індекс УДК 811.512.161'37
095 ## - Код спеціальності для авторефератів
Код спеціальності 10.02.13
Назва спеціальності мови народів Азії, Африки, аборигенних народів Америки та Австралії
100 ## - Основне введення – ім’я особи
Ім’я особи (НП) Скразловська І. А.
245 ## - Відомості про назву
Назва (НП) Антропоніми турецької мови : лінгвокультурологічний та прагматичний аспекти
Дані про відповідальність (НП) Скразловська Ірина Анатоліївна ; наук. керівник Карпенко Олена Петрівна
260 ## - Публікація, розповсюдження і т.п. (Вихідні дані)
Місце публікації, розповсюдження і т.п. (П) Київ
Дата публікації, розповсюдження і т.п. (П) 2021
300 ## - Фізичний опис
Обсяг 20 с.
502 ## - Примітка про дисертацію
Зв'язок Автореферат дисертації на здобуття наукового ступеня кандидата філологічних наук<br/>
Наймення інституції, що представляється Київський національний університет імені Тараса Шевченка
Рік отримання вченого ступеня 2021
520 ## - Резюме і т.п.
Резюме, реферат, анотація, тощо (НП) Дисертаційна робота присвячена дослідженню сучасних турецьких<br/>антропонімів з позицій актуальних напрямів сучасної лінгвістики -<br/>лінгвокультурології та лінгвопрагматики. Об’єктом дослідження є турецькі особові<br/>імена та варіанти їхніх парадигм (демінутивні та гіпокористичні форми), також<br/>порушуються питання особливостей функціонування антропонімічних моделей<br/>турецької мови та прізвиськ. Предметом вивчення виступають лінгвокультурні та<br/>прагматичні компоненти лексичного значення турецьких антропонімів.<br/>Автор розглядає антропонімічну лексику турецької мови як цілісну систему й<br/>описує її в синхронічному та діахронічному розрізі. У роботі узагальнено та<br/>удосконалено методики лінгвокультурологічного й лінгвопрагматичного аналізу<br/>антропонімів. Розроблено класифікацію турецьких імен за їхньою семантикою, що<br/>послугувало виявленню значущих для турецької культури понять і концептів та<br/>реконструюванню фрагментів турецької національно-мовної картини світу. У<br/>заключному розділі дисертації розкрито прагматичний потенціал турецьких<br/>особових імен та прізвиськ, описано особливості номінативних та комунікативних<br/>стратегій їх використання з двох взаємопов’язаних позицій - особи, яка<br/>іменує/називає, і особи, яку' іменують/називають, - досліджено специфіку<br/>дериваційних процесів в антропонімічній системі. Використання в процесі дослідження різножанрових емпіричних матеріалів - словників імен, телевізійних<br/>серіалів, художніх та публіцистичних текстів - дозволило розглянути особливості<br/>функціонування турецьких антропонімів у різних комунікативних контекстах і<br/>забезпечило високий ступінь достовірності отриманих результатів.
650 ## - Додаткове предметне введення – тематичний термін
Джерело заголовка чи терміна UDC
Тематичний термін чи географічна назва, як елемент введення (НП) 811 Мови
942 ## - Додаткові елементи входу (Коха)
Source of classification or shelving scheme Universal Decimal Classification
Тип елемента Koha Автореферат
955 ## - Код типу видання за змістом
Код типу видання за змістом (НП) Наукові видання

Немає доступних примірників.